De la médiation équithérapique au pari de l’intersubjectivité (notice n° 1588305)
[ vue normale ]
| 000 -LEADER | |
|---|---|
| fixed length control field | 02556cam a2200217 4500500 |
| 005 - DATE AND TIME OF LATEST TRANSACTION | |
| control field | 20251228062214.0 |
| 041 ## - LANGUAGE CODE | |
| Language code of text/sound track or separate title | fre |
| 042 ## - AUTHENTICATION CODE | |
| Authentication code | dc |
| 100 10 - MAIN ENTRY--PERSONAL NAME | |
| Personal name | Chaffange, Amélie |
| Relator term | author |
| 245 00 - TITLE STATEMENT | |
| Title | De la médiation équithérapique au pari de l’intersubjectivité |
| 260 ## - PUBLICATION, DISTRIBUTION, ETC. | |
| Date of publication, distribution, etc. | 2023.<br/> |
| 500 ## - GENERAL NOTE | |
| General note | 96 |
| 520 ## - SUMMARY, ETC. | |
| Summary, etc. | L’équithérapie ou médiation équine s’inscrit dans la recherche en psychopathologie clinique depuis des années, de même que l’animal et son lien à l’homme occupent une place centrale dans de nombreux domaines scientifiques. Ce travail est fondé sur une pratique auprès d’enfants présentant des troubles du comportement et des difficultés à entrer dans les processus de pensée, en lien avec une défaillance objectale précoce. Les observations retranscrites dans cet article mettent en lumière la qualité du lien transférentiel établi entre les enfants, les soignants et les chevaux. Le cheval se fait garant de qualités maternelles permettant aux enfants de remettre au travail des liens précoces carencés. Il offre également un appui aux thérapeutes en panne d’interprétation des vécus groupaux. Ces observations mettent en lumière l’intérêt de la mise en place de dispositifs à médiation équine auprès d’enfants dont le lien à l’objet est source d’insécurité. |
| 520 ## - SUMMARY, ETC. | |
| Summary, etc. | Equitherapy or equine mediation has been part of clinical psychopathology research for years, just as the bond between animals and humans has been a core preoccupation in various scientific fields. This study is based on a practice with children presenting with behavioral disorders and difficulties in engaging in thinking processes, in conjunction with early bonding deficiencies. The observations reported in this article illustrate the quality of the transferential relationship established between children, therapists, and horses. The horse embodies maternal qualities, allowing the children to work on early bonding deficiencies. It also offers support to the therapists struggling with interpreting group experiences. These observations highlight the relevance of equitherapy for children with insecure relationships to their environment. |
| 700 10 - ADDED ENTRY--PERSONAL NAME | |
| Personal name | Mercader, Patricia |
| Relator term | author |
| 700 10 - ADDED ENTRY--PERSONAL NAME | |
| Personal name | Raoult, Patrick Ange |
| Relator term | author |
| 700 10 - ADDED ENTRY--PERSONAL NAME | |
| Personal name | Blanquet, Brigitte |
| Relator term | author |
| 700 10 - ADDED ENTRY--PERSONAL NAME | |
| Personal name | Guinard, Frédérik |
| Relator term | author |
| 786 0# - DATA SOURCE ENTRY | |
| Note | Psychothérapies | 43 | 1 | 2023-03-29 | p. 23-30 | 0251-737X |
| 856 41 - ELECTRONIC LOCATION AND ACCESS | |
| Uniform Resource Identifier | <a href="https://shs.cairn.info/revue-psychotherapies-2023-1-page-23?lang=fr&redirect-ssocas=7080">https://shs.cairn.info/revue-psychotherapies-2023-1-page-23?lang=fr&redirect-ssocas=7080</a> |
Pas d'exemplaire disponible.




Réseaux sociaux